[Event "ICS Rated blitz match"]
[Site "204.178.125.65"]
[Date "1999.11.02"]
[Round "?"]
[White "NonWimp"]
[Black "Hossa"]
[Result "0-1"]
[WhiteElo "2727"]
[BlackElo "2436"]
[PlyCount "182"]
[EventDate "1999.??.??"]

1. f4 d5 2. Nf3 Nf6 3. e3 Bg4 4. h3 Bxf3 5. Qxf3 e6 6. d4 c5 7. Bb5+ Nc6 8. Nc3
a6 9. Bxc6+ bxc6 10. f5 exf5 11. Qxf5 Bd6 12. O-O O-O 13. dxc5 Bxc5 14. Rf3 Re8
15. Bd2 Rb8 16. Na4 Qd6 17. Nxc5 Qxc5 18. b4 Qe7 19. Raf1 Ne4 20. Be1 f6 21. a3
Qe6 22. a4 Qxf5 23. Rxf5 Rb7 24. R5f3 a5 25. bxa5 Rb2 26. h4 Rxc2 27. Kh2 Ra2
28. Rf4 Rxa4 29. Kg1 Rb8 30. Rf5 Ra2 31. g3 Rbb2 32. Bf2 Nxg3 33. Bxg3 Rg2+ 34.
Kh1 Rxg3 35. R5f3 Rxf3 36. Rxf3 Rxa5 37. Kg2 Kf7 38. Rf1 Ra4 39. Rc1 Rc4 40.
Rh1 g6 41. Kf3 h5 42. Ke2 c5 43. Kd2 Ke6 44. Rg1 Rg4 45. Rh1 Rg2+ 46. Kd3 Ke5
47. Re1 c4+ 48. Kc3 Ke4 49. Rd1 Re2 50. Kb4 Rxe3 51. Kc5 Rd3 52. Re1+ Kf5 53.
Rf1+ Ke6 54. Re1+ Kf7 55. Kd6 Rd4 56. Re7+ Kf8 57. Rc7 f5 58. Ke5 Rg4 59. Kf6
Ke8 60. Rc5 d4 61. Rxc4 Kd7 62. Rc5 Kd6 63. Rb5 Kc6 64. Ra5 d3 65. Ra3 Rd4 66.
Ra1 d2 67. Rd1 f4 68. Ke5 Kc5 69. Kf6 Rd6+ 70. Ke5 f3 71. Ke4 f2 72. Ke3 f1=Q
73. Rxf1 d1=Q 74. Rxd1 Rxd1 75. Kf2 Rh1 76. Kg3 Rxh4 77. Kxh4 Kd5 78. Kg5 Ke5
79. Kh4 Kf4 80. Kh3 g5 81. Kh2 g4 82. Kg2 h4 83. Kf1 h3 84. Ke2 g3 85. Kd2 g2
86. Kd3 g1=Q 87. Kc4 Ke5 88. Kb5 h2 89. Kc4 Qb1 90. Kc3 h1=Q 91. Kd2 91...
Qhe1# {NonWimp checkmated} 0-1

[Event "ICS Rated blitz match"]
[Site "204.178.125.65"]
[Date "1999.11.02"]
[Round "?"]
[White "Hossa"]
[Black "Skeletor"]
[Result "0-1"]
[WhiteElo "2457"]
[BlackElo "2594"]
[PlyCount "115"]
[EventDate "1999.??.??"]

1. d4 Nf6 2. c4 e6 3. Nc3 Bb4 4. Qc2 d5 5. cxd5 Qxd5 6. a3 Bxc3+ 7. bxc3 c5 8.
Nf3 Nc6 9. e3 O-O 10. Bd3 cxd4 11. cxd4 Bd7 12. e4 Qa5+ 13. Bd2 Qh5 14. O-O
Rac8 15. Qb1 b6 16. Bb4 Nxb4 17. axb4 Rc7 18. Ne5 Ng4 19. Nxg4 Qxg4 20. Rc1
Rfc8 21. Rxc7 Rxc7 22. b5 Qf4 23. Qe1 Be8 24. Bf1 f6 25. Qe3 Qxe3 26. fxe3 Bg6
27. Bd3 Rc3 28. Rd1 Kf8 29. Kf2 Ke7 30. Rd2 Kd6 31. h4 Rb3 32. Bc4 Rb4 33. Be2
h5 34. Ra2 Bxe4 35. g3 g5 36. hxg5 fxg5 37. Rxa7 Rb2 38. Kf1 h4 39. gxh4 gxh4
40. Bg4 Rxb5 41. Be2 Rb1+ 42. Kf2 Rb2 43. Ra6 Bc6 44. Ra1 Bb5 45. Re1 Rxe2+ 46.
Rxe2 Bxe2 47. Kxe2 Kd5 48. Kd3 h3 49. e4+ Kd6 50. Kc4 h2 51. e5+ Kc6 52. Kb4
h1=Q 53. Kb3 Qb1+ 54. Kc3 Kd5 55. Kd2 Kxd4 56. Ke2 Qf5 57. Kd1 Qf2 58. Kc1 {
Hossa resigns} 0-1

[Event "ICS Rated blitz match"]
[Site "204.178.125.65"]
[Date "1999.11.02"]
[Round "?"]
[White "Skeletor"]
[Black "Hossa"]
[Result "1/2-1/2"]
[WhiteElo "2604"]
[BlackElo "2447"]
[PlyCount "128"]
[EventDate "1999.??.??"]

1. d4 Nf6 2. c4 e6 3. Nc3 Bb4 4. e3 c5 5. Bd3 Nc6 6. Nf3 Bxc3+ 7. bxc3 d6 8. e4
e5 9. d5 Ne7 10. Nh4 O-O 11. O-O Ng6 12. Nf5 Nf4 13. Bxf4 exf4 14. Qf3 Bxf5 15.
exf5 Qa5 16. Rfc1 Qa4 17. Qxf4 Nxd5 18. Qxd6 Rfd8 19. Qg3 Nf6 20. Qf3 Rd7 21.
h3 Rad8 22. Rd1 Re7 23. Rab1 b6 24. Rd2 Qa3 25. Rc2 Rde8 26. Qc6 Qa5 27. Qb5
Re1+ 28. Rxe1 Rxe1+ 29. Kh2 Qa3 30. Qc6 Qa5 31. a4 h5 32. h4 a6 33. f3 Kh8 34.
Be4 Kh7 35. Kg3 Nxe4+ 36. fxe4 Re3+ 37. Kh2 Rxc3 38. Rxc3 Qxc3 39. Qxb6 Qxc4
40. Qc6 Qd4 41. Qe8 Qf2 42. Kh3 Qe3+ 43. Kh2 Qf4+ 44. Kg1 Qxh4 45. Qxf7 Qxe4
46. Qxh5+ Kg8 47. a5 Qd4+ 48. Kf1 Qf4+ 49. Ke2 Qa4 50. Qg6 Qc2+ 51. Ke3 Qc3+
52. Ke2 Qc4+ 53. Ke3 Qd4+ 54. Ke2 Qb2+ 55. Kf3 Qa3+ 56. Ke2 Qa2+ 57. Kd3 Qb1+
58. Ke3 Qb3+ 59. Ke2 Qb5+ 60. Kf3 Qd3+ 61. Kf4 Qd4+ 62. Kf3 Qd3+ 63. Kf4 Qd4+
64. Kf3 64... Qd3+ {Game drawn by repetition} 1/2-1/2

[Event "ICS Rated blitz match"]
[Site "204.178.125.65"]
[Date "1999.11.02"]
[Round "?"]
[White "Hossa"]
[Black "Zippy"]
[Result "1/2-1/2"]
[WhiteElo "2454"]
[BlackElo "2267"]
[PlyCount "178"]
[EventDate "1999.??.??"]

1. d4 c5 2. d5 d6 3. e4 g6 4. Bb5+ Bd7 5. Bxd7+ Nxd7 6. Nc3 Bg7 7. Nge2 Ngf6 8.
O-O b5 9. Ng3 b4 10. Nce2 h5 11. h4 Nh7 12. a3 Qa5 13. Rb1 Bf6 14. axb4 cxb4
15. Bh6 Bxh4 16. Ra1 Qb6 17. Qd3 Nhf6 18. Bg7 Rh7 19. Bxf6 Bxf6 20. Rfb1 a5 21.
Nf1 a4 22. Qh3 a3 23. Ra2 Qa6 24. Qe3 Qc4 25. b3 Qc5 26. Qg3 Be5 27. Qd3 Nf6
28. c4 bxc3 29. b4 Qa7 30. Nxc3 Bxc3 31. Qxc3 Nxe4 32. Qc6+ Kf8 33. Re1 Nf6 34.
Re3 Rb8 35. Rexa3 Qd4 36. Qc7 Re8 37. Ra7 Nxd5 38. Qb7 Qc4 39. Nd2 Qc1+ 40. Nf1
Nc3 41. Rd2 Qb1 42. Qc6 Qxb4 43. Rc2 Qd4 44. Rb7 Qd5 45. Rxc3 Qxc6 46. Rxc6 d5
47. Rd7 e6 48. Ne3 Kg8 49. Rcc7 Rb8 50. f4 Rb4 51. g3 Rb2 52. Ng2 Ra2 53. Re7
Rg7 54. Kh2 Re2 55. Kh3 Kf8 56. Red7 Kg8 57. Rb7 Ra2 58. Ne1 Ra3 59. Nc2 Rd3
60. Rdc7 Rh7 61. Nb4 Re3 62. Nc6 Rg7 63. Nd8 g5 64. Nxf7 gxf4 65. Nh6+ Kh7 66.
Rxg7+ Kxh6 67. Rh7+ Kg5 68. Rbg7+ Kf6 69. Kh4 fxg3 70. Rg5 Re4+ 71. Kxh5 Re2
72. Rh6+ Ke7 73. Rxg3 Rh2+ 74. Kg5 Rxh6 75. Kxh6 Kf6 76. Rg8 d4 77. Rf8+ Ke5
78. Kg5 Ke4 79. Re8 d3 80. Rd8 Ke3 81. Rh8 d2 82. Rh3+ Ke4 83. Rh1 Ke3 84. Kf6
Ke2 85. Rh2+ Ke3 86. Rh3+ Ke2 87. Rh2+ Ke3 88. Rh3+ Ke2 89. Rh2+ 89... Ke3 {
Game drawn by repetition} 1/2-1/2

[Event "ICS rated blitz match"]
[Site "204.178.125.65"]
[Date "1999.11.02"]
[Round "?"]
[White "Zippy"]
[Black "Hossa"]
[Result "1-0"]
[WhiteElo "2275"]
[BlackElo "2446"]
[PlyCount "145"]
[EventDate "1999.??.??"]

1. e4 d5 2. exd5 Qxd5 3. Nc3 Qa5 4. Nf3 Nf6 5. Bc4 Bg4 6. h3 Bh5 7. g4 Bg6 8.
O-O Nc6 9. d3 O-O-O 10. Bd2 e5 11. a3 Qc5 12. Be3 Qe7 13. Nh4 Kb8 14. b4 e4 15.
g5 Ne8 16. Bd5 Qd7 17. Kg2 exd3 18. cxd3 Ne7 19. Be4 f5 20. Bf3 Qxd3 21. Qa4
Qa6 22. Qxa6 bxa6 23. Rad1 Rxd1 24. Rxd1 Nd6 25. Bc5 Nec8 26. Nxg6 hxg6 27. Be2
a5 28. bxa5 Kb7 29. Bf3+ c6 30. Re1 Nc4 31. Re8 N4d6 32. Re6 Kc7 33. Rxg6 Kd7
34. Ne2 Ke7 35. Bxc6 Rh4 36. Bd5 Ke8 37. Nd4 Kd7 38. Ne6 Be7 39. Rxg7 Rh5 40.
g6 Ne4 41. Bb4 Nf6 42. Bb3 Ne8 43. Rf7 Rh8 44. Bxe7 Nxe7 45. Rh7 Rg8 46. Nc5+
Kc6 47. Bxg8 Nxg8 48. Nd3 a6 49. Ra7 Kb5 50. Kf3 Kxa5 51. Kf4 Kb6 52. Ra8 Ngf6
53. Kxf5 Nh5 54. Kg5 Nhg7 55. Nf4 Nd6 56. f3 Kb7 57. Rg8 Nge8 58. g7 Nxg7 59.
Rxg7+ Kb6 60. Rg6 Kc6 61. h4 a5 62. h5 Kb6 63. Rxd6+ Kc5 64. Rd5+ Kc4 65. Rxa5
Kb3 66. h6 Kc3 67. h7 Kc2 68. h8=Q Kb3 69. Qb8+ Kc3 70. Qb4+ Kc2 71. Rc5+ Kd1
72. Qd4+ Ke1 73. Rc1# {Hossa checkmated} 1-0

[Event "ICS Rated blitz match"]
[Site "204.178.125.65"]
[Date "1999.11.02"]
[Round "?"]
[White "Hossa"]
[Black "Skeletor"]
[Result "0-1"]
[WhiteElo "2423"]
[BlackElo "2597"]
[PlyCount "138"]
[EventDate "1999.??.??"]

1. e4 c5 2. Nf3 d6 3. d4 cxd4 4. Nxd4 Nf6 5. Nc3 a6 6. Be2 e5 7. Nb3 Be7 8. O-O
O-O 9. Qd3 Be6 10. Qg3 Nc6 11. Rd1 Nb4 12. Rd2 Nd7 13. Bg4 f5 14. exf5 Bxf5 15.
Bxf5 Rxf5 16. a3 Nc6 17. Nd5 Rf7 18. Qd3 Bh4 19. Qh3 Rc8 20. Qe6 Nf8 21. Qg4
Ng6 22. Qe6 Nce7 23. Nxe7+ Bxe7 24. g3 Qc7 25. h4 b5 26. a4 Nf8 27. Qd5 b4 28.
Re2 Qd7 29. Bg5 Ng6 30. Rd1 Qg4 31. Rdd2 Bxg5 32. hxg5 Nh4 33. Re3 Nf3+ 34.
Rxf3 Qxf3 35. Qxd6 Rfc7 36. Na1 Qe4 37. Qd5+ Qxd5 38. Rxd5 Rc5 39. Rd6 R8c6 40.
Rd7 Rg6 41. Rb7 Rd6 42. Nb3 Rd1+ 43. Kg2 Rxc2 44. Rxb4 Rxb2 45. Rb8+ Kf7 46.
Rb7+ Kg6 47. Na5 Rdd2 48. Rxb2 Rxb2 49. Nc4 Ra2 50. Nxe5+ Kxg5 51. Nd7 Rxa4 52.
Nf8 h5 53. Ne6+ Kf6 54. Nc5 Ra3 55. f4 a5 56. Nd7+ Kf5 57. Kh3 a4 58. Nc5 Ra1
59. Nb7 a3 60. Na5 Rh1+ 61. Kg2 a2 62. Nb3 Rb1 63. Na1 Rxa1 64. Kf2 Rc1 65. Ke3
a1=Q 66. g4+ hxg4 67. Kd3 Qc3+ 68. Ke2 Rc2+ 69. Kf1 69... Qa1# {
Hossa checkmated} 0-1

[Event "ICS Rated blitz match"]
[Site "204.178.125.65"]
[Date "1999.11.02"]
[Round "?"]
[White "Skeletor"]
[Black "Hossa"]
[Result "1/2-1/2"]
[WhiteElo "2606"]
[BlackElo "2414"]
[PlyCount "23"]
[EventDate "1999.??.??"]

1. e4 e5 2. Bc4 Bc5 3. Nf3 Nc6 4. c3 Nf6 5. d3 d6 6. O-O O-O 7. Bb3 Bg4 8. Bg5
Na5 9. Ba4 Nc6 10. Bb3 Na5 11. Ba4 Nc6 12. Bb3 {Game drawn by repetition}
1/2-1/2

[Event "ICS Rated blitz match"]
[Site "204.178.125.65"]
[Date "1999.11.02"]
[Round "?"]
[White "Hossa"]
[Black "Skeletor"]
[Result "0-1"]
[WhiteElo "2420"]
[BlackElo "2598"]
[PlyCount "129"]
[EventDate "1999.??.??"]

1. e4 c5 2. Nf3 d6 3. d4 cxd4 4. Nxd4 Nf6 5. Nc3 g6 6. Be3 Bg7 7. f3 O-O 8. Qd2
Nc6 9. O-O-O Nxd4 10. Bxd4 Be6 11. h4 Qc7 12. h5 Nxh5 13. Bxg7 Kxg7 14. g4 Nf6
15. Qh6+ Kg8 16. Bd3 Qb6 17. Rde1 Qd4 18. Nb5 Qa4 19. g5 Nh5 20. a3 Bd7 21. Nc3
Qd4 22. e5 Bf5 23. Bxf5 Qf4+ 24. Kb1 Qxf5 25. exd6 exd6 26. Re3 Rac8 27. f4
Rfe8 28. Rd3 Qxf4 29. Rg1 f6 30. Rdd1 Re5 31. Rdf1 Qe3 32. Nd1 Qc5 33. gxf6
Qxc2+ 34. Ka2 Qc4+ 35. Kb1 Rc7 36. Rf2 Qd3+ 37. Ka1 Rf7 38. Rd2 Qa6 39. Rh2 Qa5
40. Nc3 Rxf6 41. Rgh1 Qc7 42. Qd2 Qc4 43. Qg2 Qc6 44. Qg1 Qb6 45. Qg4 Rff5 46.
Ka2 Nf6 47. Qh4 d5 48. Qh6 d4 49. Nd1 Qc7 50. Qd2 Qc4+ 51. b3 Qd5 52. Nf2 Re3
53. Nd3 Rff3 54. Nc1 Ne4 55. Qc2 Rc3 56. Qb2 Rc7 57. Kb1 d3 58. Qg2 Rf2 59.
Qxg6+ hxg6 60. Rh8+ Kg7 61. R8h7+ Kf6 62. Rxc7 Nd2+ 63. Kb2 Nc4+ 64. Kb1 Nxa3+
65. Ka1 {Hossa resigns} 0-1

[Event "ICS Rated blitz match"]
[Site "204.178.125.65"]
[Date "1999.11.02"]
[Round "?"]
[White "Skeletor"]
[Black "Hossa"]
[Result "1-0"]
[WhiteElo "2606"]
[BlackElo "2412"]
[PlyCount "94"]
[EventDate "1999.??.??"]

1. d4 Nf6 2. c4 e6 3. Nf3 b6 4. g3 Ba6 5. b3 Bb7 6. Bg2 Bb4+ 7. Bd2 a5 8. O-O
O-O 9. Qc2 c5 10. dxc5 Bxc5 11. Nc3 Nc6 12. Na4 Ba3 13. Be3 Ra6 14. Rad1 Nb4
15. Qd2 d5 16. Nd4 Qe7 17. Nb5 Nc6 18. Nxa3 Qxa3 19. Bxb6 Rc8 20. cxd5 exd5 21.
Bxd5 Nxd5 22. Qxd5 Raa8 23. Nc5 Qb4 24. Nxb7 Qxb6 25. Nd6 Rc7 26. Qg5 Nb4 27.
Nc4 Qb8 28. Rd2 f6 29. Qf5 a4 30. a3 Nc6 31. b4 Kh8 32. Rfd1 Qg8 33. Nb6 Rb8
34. Qc5 Rbb7 35. Nxa4 Ra7 36. Nb6 Ne5 37. Qe3 Nc6 38. b5 Re7 39. bxc6 Rxe3 40.
fxe3 Rxa3 41. Rd8 Rc3 42. Rxg8+ Kxg8 43. Rd8+ Kf7 44. Rd7+ Ke6 45. c7 Rc1+ 46.
Kf2 g6 47. Rxh7 47... Ke5 {Hossa resigns} 1-0

[Event "ICS rated blitz match"]
[Site "204.178.125.65"]
[Date "1999.11.02"]
[Round "?"]
[White "Hossa"]
[Black "kjhamster"]
[Result "1/2-1/2"]
[WhiteElo "2398"]
[BlackElo "2187"]
[Annotator "Hiarcs 7.32 (22s)"]
[PlyCount "97"]
[EventDate "1999.??.??"]

1. e4 d6 2. Nf3 Nf6 3. Nc3 c6 4. Be2 Bg4 5. d4 e6 6. Bg5 (6. h3 Bh5 7. Bg5 Be7
8. O-O O-O (8... d5 9. e5 Nfd7 10. Qd2 a6 11. b4 Bxf3 12. Bxe7 Qxe7 13. Bxf3
O-O 14. Na4 a5 15. a3 axb4 16. axb4 Na6 17. c3 Ra7 18. Ra2 Rfa8 19. Rfa1 b6 20.
Nb2 b5 21. Ra3 Nb6 22. Qc1 Nb8 23. Nd3 {
Velicka,P-Titov,G/Katowice op 1992/TD 92\04/1/2-1/2 (66)}) 9. Qd2 d5 10. e5
Nfd7 11. Bxe7 Qxe7 12. Ne1 Bg6 13. f4 c5 14. Nb5 cxd4 15. Nf3 Nc6 16. Nbxd4 f6
17. exf6 Rxf6 18. Bb5 Qd6 19. Rae1 Raf8 20. Qe3 Be4 21. Bxc6 bxc6 22. Ng5 Rxf4
23. Rxf4 Rxf4 24. Ndxe6 Rf5 25. Qd2 Re5 26. Rxe4 Rxe4 27. Nxe4 Qxe6 28. Nc3 {
1/2-1/2 Hellers,F-Mortensen,E/Esbjerg 1988/CBM 10 (28)}) (6. Ng5 Bxe2 7. Qxe2
Be7 8. Nf3 O-O 9. h3 d5 10. e5 Nfd7 11. Bf4 c5 12. O-O Nc6 13. dxc5 Bxc5 14.
Rfd1 a6 15. Nxd5 exd5 16. Rxd5 Qe7 17. Rad1 Nb6 18. R5d2 Rad8 19. a3 Rxd2 20.
Rxd2 20... Qe6 {Rimann,T-Rufener,M/Bern op 1996/EXP 51/0-1 (38)}) 6... Be7 7.
e5 $146 (7. O-O Bxf3 8. Bxf3 Nxe4 9. Bxe7 Nxc3 10. Bxd8 Nxd1 11. Bg5 Nxb2 12.
Rab1 Nc4 13. Rxb7 h6 14. Rfb1 O-O 15. Be7 Re8 16. Be2 Nd2 17. R1b2 Ne4 18. Bd3
d5 19. f3 Nf6 20. Bxf6 gxf6 21. Rc7 21... Kg7 {
Gruber,W-Sandmann,B/NRW-II 1991/TD 91\01/1-0 (33)}) 7... Nd5 8. Bxe7 Qxe7 9.
exd6 Qxd6 10. Nd2 Bxe2 11. Nxe2 Qb4 12. a3 Qe7 13. O-O Nd7 14. c4 N5f6 15. Qb3
Nb6 16. a4 O-O 17. a5 Nc8 18. a6 b6 19. Qf3 Qc7 20. Ne4 Nxe4 21. Qxe4 Nd6 22.
Qf4 Rac8 23. b3 Nf5 24. Qg4 Qd7 25. Rad1 Rfd8 26. Ng3 Nxg3 27. fxg3 Rc7 28. Qf4
Qc8 29. b4 Rcd7 30. Qf3 Qc7 31. Qg4 Qd6 32. c5 Qd5 33. cxb6 axb6 34. Qe2 Qb3
35. Qe4 Rd5 36. Qf4 Qxb4 37. Qxf7+ Kh8 38. Qxe6 Rxd4 39. Rc1 39... c5 $18 (
39... R4d6 $5 $142 40. Qe5 40... Qd2 $16) 40. Qe7 h6 41. Rf8+ $16 (41. a7 $5
$142 41... Kh7 42. Qb7 $18) 41... Rxf8 42. Qxf8+ Kh7 43. a7 {Droht Matt} 43...
Qa3 44. a8=Q $11 (44. Qf5+ $5 $142 44... Kh8 45. Re1 $16) 44... Qxc1+ 45. Qf1 {
Es droht Matt} 45... Rd1 46. Qe4+ Kh8 47. Qe8+ Kh7 48. Qe4+ Kh8 49. Qe8+
1/2-1/2

[Event "ICS rated blitz match"]
[Site "204.178.125.65"]
[Date "1999.11.02"]
[Round "?"]
[White "Hossa"]
[Black "hnishy"]
[Result "1-0"]
[WhiteElo "2389"]
[BlackElo "2295"]
[Annotator "Hiarcs 7.32 (22s)"]
[PlyCount "34"]
[EventDate "1999.??.??"]

1. e4 e6 2. d4 d5 3. Nd2 b6 4. Bd3 (4. exd5 Qxd5 5. Ngf3 Nf6 6. Bc4 Qd8 7. O-O
Be7 8. Bb5+ c6 9. Bd3 Ba6 10. Qe2 Bxd3 11. Qxd3 O-O 12. Ne4 Nxe4 13. Qxe4 Qd5
14. Qe2 Bf6 15. c3 Qf5 16. Be3 Rd8 17. Rfd1 Nd7 18. Qd3 18... Qxd3 {
Dydyshko,V-Totsky,L/Minsk op 1996/EXP 52/0-1 (71)}) 4... Ba6 5. Ne2 $146 (5.
Bxa6 Nxa6 6. c3 Nb8 7. Ne2 dxe4 8. Nxe4 Nd7 9. Qa4 Be7 10. Bf4 Ngf6 11. Nxf6+
Bxf6 12. O-O O-O 13. Rad1 a6 14. Qc6 Ra7 15. Ng3 Nb8 16. Qf3 Bg5 17. d5 Bxf4
18. Qxf4 exd5 19. Nf5 c6 20. c4 Rd7 21. cxd5 cxd5 22. Qe5 Qf6 23. Qxf6 gxf6 24.
Rxd5 Rfd8 25. Rxd7 Rxd7 26. Rc1 Nc6 27. Kf1 Ne7 28. Ne3 Kg7 29. Ke2 Kg6 30. Rc4
f5 31. Ra4 a5 32. Rc4 f6 33. g3 Rd6 34. Rc3 Rd4 35. Rb3 Rd6 36. Nc4 Re6+ 37.
Kd3 Nd5 38. a3 f4 39. Rb5 39... fxg3 {
Marciano,D-Trinh,R/FRA-chT 1991/TD 91\02/1-0 (64)}) (5. Qe2 Bxd3 6. Qxd3 Nf6 7.
e5 Nfd7 8. Ne2 c5 9. Nf3 Nc6 10. Be3 Qc7 11. c3 cxd4 12. cxd4 Nb4 13. Qd1 Nc2+
14. Kf1 Nxa1 15. Qxa1 Be7 16. g3 O-O 17. Kg2 Rac8 18. h4 Qc2 19. Nc3 f6 20. h5
fxe5 21. dxe5 Rxc3 22. bxc3 Qe4 23. Qd1 Nxe5 24. Rh4 Bxh4 25. gxh4 25... Rxf3 {
0-1 Olkinuora,H-Tjomsland,S/Gausdal TM 1996/EXP 51 (25)}) 5... Bxd3 6. cxd3 Nf6
7. O-O Be7 8. b4 O-O 9. e5 {Weiss erobert Raum} 9... Nfd7 (9... Ng4 10. h3 Nh6
11. a3 $11) 10. Rb1 10... f6 $16 (10... a5 $5 $142 {
ist die kritische Fortsetzung} 11. b5 11... c6 $11) 11. Nf4 $1 {
haelt den Vorteil fest. Weiss zwingt den Gegner mit starken Drohungen nieder}
11... fxe5 $2 $18 (11... Rf7 $142 12. Nxe6 Qc8 13. exf6 13... Nxf6 $16) 12.
Nxe6 Qc8 13. Nxf8 Qxf8 14. dxe5 Nxe5 15. Qh5 Bf6 (15... Bd6 16. f4 Qf7 17.
Qxf7+ Nxf7 18. Nf3 $18) 16. Bb2 g6 17. Qh3 Qf7 (17... Ned7 18. Qe6+ Qf7 19.
Qxf7+ Kxf7 20. Bxf6 Kxf6 21. Rfe1 $18) 1-0

[Event "ICS Rated blitz match"]
[Site "204.178.125.65"]
[Date "1999.11.02"]
[Round "?"]
[White "delegado"]
[Black "Hossa"]
[Result "0-1"]
[WhiteElo "2243"]
[BlackElo "2401"]
[Annotator "Hiarcs 7.32 (22s)"]
[PlyCount "64"]
[EventDate "1999.??.??"]

1. e4 d5 2. exd5 Qxd5 3. Nc3 Qa5 4. d4 e6 (4... Bf5 5. Bc4 (5. Nf3 h6 6. Bd2 c6
7. Bc4 e6 8. Nd5 Qd8 9. Ne3 Bh7 10. Bc3 Nf6 11. Ne5 Bd6 12. f3 Qc7 13. Bb3 Nbd7
14. N3c4 Bxe5 15. Nxe5 Nd5 16. Bxd5 cxd5 17. Qe2 Nxe5 18. dxe5 Rd8 19. Rd1
19... O-O {
Dutton,L-Abdulgazieva,J/WchJW-U14 St.Lorenzo 1995/JUN 95/1/2-1/2 (68)}) 5... c6
6. Nge2 e6 7. O-O Nd7 8. Ng3 Bg6 9. Qe2 O-O-O 10. Nce4 Ngf6 11. c3 h5 12. Ng5
h4 13. N3e4 Nxe4 14. Nxe4 Be7 15. Bf4 Nb6 16. Bd3 Nd5 17. Bd2 Qc7 18. Ng5 Bh5
19. Qe4 {Goldberg,A-Michaelsen,N/BL9293 1993/BL 90/1/2-1/2 (33)}) 5. Nf3 Nf6 6.
Bd2 6... Bd7 $146 (6... c6 7. Bc4 Qc7 8. Qe2 Be7 9. Ne5 O-O 10. O-O-O b5 11.
Bb3 a5 12. a4 b4 13. Ne4 Nbd7 14. f4 Ba6 15. Qf3 c5 16. Nxf6+ Bxf6 17. Nxd7
Qxd7 18. dxc5 Qd4 19. Bc3 Qxc5 20. Bxf6 gxf6 21. Rd7 {
Nagy,Z-Horvath,M/HUN-chT2 1993/TD 93\10/1-0 (45)}) 7. Bd3 Nc6 8. O-O 8... O-O-O
$16 (8... Be7 9. Nb5 Qb6 10. c4 Nxd4 11. Nbxd4 Qxb2 12. Qe2 $18) 9. a3 Qh5 10.
Ne2 Bd6 11. Bf4 Bxf4 12. Nxf4 12... Qh6 $14 {Schwarz erhaelt starke Initiative}
(12... Qg4 13. Ne2 $14) 13. Ne2 $11 (13. Nh3 13... Qh5 $14) 13... e5 14. dxe5
Ng4 15. Qc1 15... Ncxe5 {Es droht Matt.} 16. Qxh6 $17 (16. Ned4 Qd6 17. Nxe5
17... Nxe5 $17) 16... Nxf3+ 17. gxf3 Nxh6 18. Ng3 Bc6 19. Be4 Bxe4 20. fxe4 Rd2
21. Rac1 Ng4 22. h3 Ne5 23. Kg2 $19 (23. b4 $5 $17) 23... Nc4 24. b3 $2 (24.
Kf3 $142 24... Nxb2 25. Nf5 $19) 24... Ne3+ 25. Kf3 Nxf1 26. Nxf1 Rd4 27. Ke3 (
27. Ng3 27... Re8 $19) 27... Rhd8 28. Ng3 g6 29. Ne2 Rd1 30. Rxd1 (30. f4 {
aendert den traurigen Lauf der Dinge nicht} 30... R8d2 31. Rxd1 31... Rxd1 $19)
30... Rxd1 31. Nf4 (31. Ng3 {macht keinen grossen Unterschied} 31... b5 $19)
31... Rh1 32. f3 Kd7 (32... Kd7 33. c4 33... g5 $19) 0-1

[Event "ICS Rated blitz match"]
[Site "204.178.125.65"]
[Date "1999.11.02"]
[Round "?"]
[White "Hossa"]
[Black "RedBear"]
[Result "0-1"]
[WhiteElo "2410"]
[BlackElo "2555"]
[Annotator "Hiarcs 7.32 (22s)"]
[PlyCount "152"]
[EventDate "1999.??.??"]

1. e4 c6 2. d4 d5 3. exd5 cxd5 4. c4 Nf6 5. Nc3 e6 6. Nf3 Be7 7. cxd5 Nxd5 8.
Bd3 Nc6 9. O-O Nf6 10. Be3 O-O 11. Ne5 $146 (11. a3 b6 12. Rc1 Bb7 13. Bb1 Rc8
14. Bg5 Re8 15. Re1 g6 16. Ba2 Nh5 17. Ne4 Bxg5 18. Nexg5 h6 19. Nxe6 Qd6 20.
d5 Ne7 21. Rxc8 Rxc8 22. Ned4 Nxd5 23. Nb5 23... Qd7 {
1-0 Shliperman,I-Menkinovski,R/Menorca 1996 (23)}) (11. Rc1 b6 12. Qe2 Nb4 13.
Bc4 Bb7 14. Ne5 a6 15. a3 Nbd5 16. Nxd5 Nxd5 17. Bd3 Qd6 18. Nc4 Qb8 19. Ne5
Qe8 20. Qh5 f5 21. Qh3 Bd6 22. Bd2 b5 23. Rfe1 Rc8 24. Rxc8 Qxc8 25. Bb1 Rf6
26. Rc1 Qe8 27. g3 h6 28. f4 Qd8 29. Qf1 Ba8 30. Qf2 Bc7 31. Bd3 Bb6 32. Bc3 a5
33. Bxb5 33... Nxc3 {0-1 Haas,H-Guyot,P/Graz op 1987/TD 87\05 (33)}) 11... Bd7
12. Qb3 Qc7 13. Rac1 Rac8 14. Nb5 Qd8 15. Nxc6 Rxc6 16. Nxa7 Rxc1 17. Rxc1 Qb8
18. Nb5 Ng4 19. g3 Nxe3 20. fxe3 Bc6 21. Qc2 Bg5 22. Re1 f5 23. Nc3 Qd6 24. Bc4
Kh8 25. Qf2 b6 26. Bb5 Bxb5 27. Nxb5 Qd5 28. Nc3 Qd6 29. Qf3 Rc8 30. Qb7 Rb8
31. Qa7 Rd8 32. Qf7 Rf8 33. Qh5 Bh6 34. Qf3 Rc8 35. a3 Bg5 36. Qb7 Qc7 37. Qxc7
Rxc7 38. h3 Kg8 39. Kg2 Kf7 40. Kf3 Rc4 41. a4 g6 42. Ke2 Ke7 43. Kd3 Rc6 44.
b4 Kd7 45. e4 Bd8 46. e5 Rc8 47. d5 Be7 48. d6 Bf8 49. Kd4 Rc6 50. Rd1 $16 (50.
Nb5 $18 $142 {und die Waage neigt sich zugunsten von Weiss}) 50... Bg7 51. Nb5
Rc2 52. Na3 $14 (52. a5 bxa5 53. bxa5 Bxe5+ 54. Kxe5 Rc5+ 55. Kf6 55... Rxb5
$14) 52... Rb2 53. Nc4 Rxb4 54. Kc3 54... Rxc4+ {
Schwarz kann das gewonnene Material nicht behalten} 55. Kxc4 Bxe5 56. Rd3 56...
Bf6 $18 (56... Bxd6 $5 $142 {muss unbedingt geprueft werden} 57. Kb5 e5 58.
Kxb6 58... e4 $16) 57. Kb5 Bd8 58. h4 $16 (58. Rd1 58... e5 $18) 58... h6 $18 (
58... e5 59. Rd2 $16) 59. Ka6 $14 (59. Rd1 $5 $18 $142) 59... e5 60. Kb7 f4 61.
gxf4 exf4 62. Rd4 $17 (62. Rh3 $5 $11 $142 {ist zu ueberlegen}) 62... g5 63.
hxg5 $19 (63. Rd3 $5 $142 63... gxh4 64. Ka6 $15) 63... hxg5 64. Rd3 (64. Rd1
64... g4 $1 {Boing!} 65. Rd4 65... Bg5 $19) 64... g4 65. Rd4 65... Bg5 $1 {
macht alles klar} 66. Rd5 66... Bh6 $16 (66... Bh4 67. Rd4 67... Bg3 $17) 67.
Kxb6 $4 $19 {wild schwanken die Waagschalen...} (67. Rh5 f3 68. Rxh6 $15) 67...
g3 $1 {nun ist alles klar} 68. Rb5 (68. Rd1 {
haette noch versucht werden koennen} 68... g2 $1 {das wars} 69. Rc1 $19) 68...
g2 69. Rb1 f3 70. Ka7 Be3+ 71. Kb8 71... f2 {Droht Matt: f1Q} 72. Rd1 g1=Q 73.
Rxg1 (73. Rd4 {hilft allerdings auch nicht} 73... Bxd4 74. Kb7 Qc1 75. Ka6 Qc6+
76. Ka5 Qb6#) 73... fxg1=Q 74. Kb7 Qc1 75. Ka6 Qc6+ 76. Ka5 Qb6# 0-1

[Event "ICS rated blitz match"]
[Site "204.178.125.65"]
[Date "1999.11.02"]
[Round "?"]
[White "Hossa"]
[Black "Chemim"]
[Result "1-0"]
[WhiteElo "2400"]
[BlackElo "2207"]
[PlyCount "105"]
[EventDate "1999.??.??"]

1. e4 e5 2. Nf3 Nc6 3. Bb5 a6 4. Bxc6 dxc6 5. O-O f6 6. d4 Bg4 7. c3 c5 8. dxe5
Qxd1 9. Rxd1 fxe5 10. Na3 b5 11. c4 c6 12. Nc2 Ne7 13. Nce1 Ng6 14. Be3 Be7 15.
h3 Be6 16. Nd3 Bxc4 17. Nfxe5 Bxd3 18. Nxg6 hxg6 19. Rxd3 Rd8 20. Rxd8+ Kxd8
21. Rd1+ Kc8 22. e5 c4 23. f4 b4 24. Rc1 c3 25. bxc3 bxc3 26. Rxc3 Kb7 27. Rb3+
Kc7 28. Rb6 Ra8 29. Kh2 a5 30. Kg3 a4 31. Kg4 Ra5 32. Rb2 Rd5 33. Rd2 Rb5 34.
e6 Rd5 35. Re2 a3 36. Bd2 Kd6 37. Bb4+ c5 38. Bxa3 Rd3 39. Bb2 c4 40. Bxg7 c3
41. Be5+ Kc6 42. g3 Rd2 43. Re3 c2 44. Bb2 Kd5 45. a4 Ba3 46. Bxa3 Rd1 47. e7
c1=Q 48. Re5+ Kd4 49. Bxc1 Rxc1 50. e8=Q Rc4 51. Qd7+ Kc3 52. Re3+ Kb4 53. Qb5#
{Chemim checkmated} 1-0

[Event "ICS rated blitz match"]
[Site "204.178.125.65"]
[Date "1999.11.02"]
[Round "?"]
[White "Chemim"]
[Black "Hossa"]
[Result "0-1"]
[WhiteElo "2199"]
[BlackElo "2408"]
[PlyCount "118"]
[EventDate "1999.??.??"]

1. e4 d5 2. exd5 Qxd5 3. d4 Nc6 4. Nf3 Bg4 5. Be2 O-O-O 6. c3 e5 7. h3 Bf5 8.
dxe5 Nxe5 9. Qxd5 Rxd5 10. Nxe5 Rxe5 11. Be3 Nf6 12. Nd2 Nd5 13. Bd4 Re7 14.
Kd1 c5 15. Bf3 cxd4 16. Bxd5 dxc3 17. bxc3 Rd7 18. c4 Bd3 19. Rc1 Bc5 20. Rc3
Bg6 21. f4 Bb4 22. Rb3 Bxd2 23. Kxd2 Be4 24. Rb5 Rhd8 25. Re1 Bxg2 26. Rg1 Bxd5
27. cxd5 Rxd5+ 28. Rxd5 Rxd5+ 29. Kc2 g6 30. Re1 Kd7 31. Re3 a5 32. a3 b5 33.
Kc3 f6 34. h4 Rc5+ 35. Kb3 Rh5 36. Rh3 Ke6 37. Rh1 Kf5 38. Rc1 Kg4 39. Rf1 Rxh4
40. f5 gxf5 41. Rg1+ Kf4 42. Rg7 Rh3+ 43. Kb2 Rh2+ 44. Kb3 h5 45. Ra7 a4+ 46.
Kb4 Rb2+ 47. Kc5 h4 48. Rd7 h3 49. Rd4+ Kg3 50. Rd3+ Kg2 51. Rd7 Rb3 52. Rg7+
Rg3 53. Rh7 h2 54. Kxb5 Rxa3 55. Kb4 Ra1 56. Rg7+ Kf2 57. Rf7 h1=Q 58. Rxf6
Qh4+ 59. Ka5 59... Qxf6 {Chemim resigns} 0-1